000 00479nam a2200181Ia 4500
008 220216s9999 xx 000 0 und d
100 _aJianhe Liao
245 0 _aCuring properties of NR/NBR blends
260 _bChinese Journal of Tropical Crops
_c1992
300 _a30
650 _aBlends
650 _aCovulcanization
650 _aCuring properties
650 _aEpoxidized natural rubber
650 _aNitrile butadiene rubber
700 _aFeijie Lu
942 _cJS
999 _c56647
_d56647